[Event "Saint Louis Fall-A"]
[Site "Saint Louis USA"]
[Date "2018.10.15"]
[Round "6"]
[White "Hansen, Eric"]
[Black "Sethuraman, SP."]
[Result "1-0"]
[WhiteElo "2629"]
[BlackElo "2673"]
[PlyCount "79"]
[GameId "2129404764221544"]
[EventDate "2018.10.10"]
[EventType "tourn"]
[EventRounds "9"]
[EventCountry "USA"]
[EventCategory "17"]

{[%evp 23,79,27,23,16,16,16,17,15,25,15,32,25,33,11,63,64,67,59,93,100,92,85,139,154,138,125,170,119,204,202,199,187,352,336,537,530,749,606,527,662,910,914,925,925,531,770,926,923,910,906,896,826,777,712,4806,4726,4133,-29979]} 1. e4 c5 2. Nf3 e6 3. d4 cxd4 4. Nxd4 Nc6 5. Nc3 Qc7 6. Be3 a6 7. Qd2 Nf6 8. f4 {B48: Sicilian: Taimanov: 5 Nc3 Qc7 6 Be3 a6 without Be2} Bb4 9. Bd3 Na5 10. a3 Bxc3 11. Qxc3 Qxc3+ 12. bxc3 d5 {LiveBook: 67 Games} 13. exd5 exd5 14. Nb3 Nc4 15. Bd4 Ne4 {[#]} 16. Nc5 $146 Ncd6 17. O-O-O O-O 18. Nxe4 Nxe4 (18... dxe4 $11 19. Be2 Nb5) 19. c4 $14 Be6 20. Rhe1 $36 {[%mdl 2048] cxd5 is the strong threat. White fights for an advantage.} Rfe8 21. f5 Bxf5 22. cxd5 Rad8 ({Better is} 22... Rac8) 23. g4 Bg6 24. c4 {[%cal Bc2c4,Bc4c5][%mdl 32]} Nd6 {Strongly threatening ...Rxe1.} 25. Bf1 (25. Rxe8+ $18 Rxe8 26. c5) 25... f5 {[#]} (25... Ne4 $16) 26. Bb6 $1 $18 Rc8 {[#]} 27. c5 $1 Rxe1 $2 (27... Ne4) 28. Rxe1 Ne4 (28... fxg4 {was necessary.} 29. Kb2 Ne8) 29. gxf5 {[%cal Bg4f5,Bf5g6][%mdl 32] White is clearly winning.} Nxc5 30. fxg6 Nd7+ 31. Kd2 Nxb6 {[%mdl 4096] Endgame KRB-KRN} 32. Bh3 Rf8 33. Be6+ Kh8 34. Re4 Nc8 35. Rh4 {[%csl Gg6][%cal Rh4h7]} h6 36. Bxc8 Rxc8 37. Kd3 Kg8 38. Kd4 b5 39. d6 Kf8 40. Ke4 $4 {[%mdl 40960] Precision: White = 86%, Black = 37%. . Sensor Board Error (Ke4/e5) ?} (40. Rf4+ $18 Ke8 41. Rf7) 1-0

[Event "Saint Louis Fall-A"]
[Site "Saint Louis USA"]
[Date "2018.10.16"]
[Round "7"]
[White "Akobian, Varuzhan"]
[Black "Hansen, Eric"]
[Result "1/2-1/2"]
[WhiteElo "2641"]
[BlackElo "2629"]
[PlyCount "60"]
[GameId "2129404764221546"]
[EventDate "2018.10.10"]
[EventType "tourn"]
[EventRounds "9"]
[EventCountry "USA"]
[EventCategory "17"]

{[%evp 27,60,-1,0,-11,-1,-16,-16,-14,17,33,30,0,54,54,49,1,2,9,8,10,83,78,63,68,72,0,0,0,0,0,0,0,0,0,0]} 1. d4 Nf6 2. c4 g6 3. Nc3 d5 4. cxd5 Nxd5 5. e4 Nxc3 6. bxc3 Bg7 7. Nf3 c5 8. Be3 Qa5 9. Qd2 O-O 10. Rc1 Rd8 11. d5 e6 12. c4 {[%emt 0:00:07] D85: Exchange Grünfeld: Unusual White th moves and lines with 7 Nf3} (12. Bg5 f6 13. Be3 Nc6 14. Bd3 Ne7 15. c4 Qxd2+ 16. Bxd2 b6 17. O-O Ba6 18. Rfe1 Rac8 19. Bf1 exd5 20. exd5 {1-0 (46) Yu,Y (2759)-Svidler,P (2753) Shenzhen 2018}) 12... Qxd2+ 13. Nxd2 Na6 14. Be2 b6 {LiveBook: 41 Games} 15. Nb1 f5 16. f3 fxe4 17. fxe4 Re8 $146 {[#] Strongly threatening ...exd5.} ({Predecessor:} 17... Bb2 18. Rd1 exd5 19. cxd5 Re8 20. Nd2 Nb4 21. O-O Nc2 22. Bh6 Nd4 23. Bd3 b5 24. Rf2 Bg4 {1/2-1/2 (24) Khenkin,I (2603)-Gutman,L (2476) Bad Wiessee 2002}) 18. Nc3 Bd7 19. Kd2 Nc7 (19... exd5 $11 20. cxd5 Nc7) 20. Bf4 $14 Rac8 21. Rhf1 exd5 22. exd5 b5 23. Bd3 b4 (23... bxc4 $11 {remains equal.} 24. Bxc4 Na8) 24. Ne4 $16 {aiming for Nd6.} Nxd5 25. cxd5 c4 $1 26. Nd6 ({Better is} 26. Bc2 $16) 26... Bc3+ $1 $11 {The position is equal.} 27. Rxc3 bxc3+ 28. Kxc3 cxd3+ 29. Nxc8 ({Reject} 29. Kxd3 Rf8 $17) 29... Rxc8+ 30. Kd2 Bf5 {Precision: White = 61%, Black = 53%.} 1/2-1/2

[Event "Saint Louis Fall-A"]
[Site "Saint Louis USA"]
[Date "2018.10.17"]
[Round "8"]
[White "Hansen, Eric"]
[Black "Bruzon Batista, Lazaro"]
[Result "0-1"]
[WhiteElo "2629"]
[BlackElo "2653"]
[PlyCount "84"]
[GameId "2129404764221554"]
[EventDate "2018.10.10"]
[EventType "tourn"]
[EventRounds "9"]
[EventCountry "USA"]
[EventCategory "17"]

{[%evp 24,84,13,5,19,14,15,0,0,0,0,-7,0,0,0,-22,0,0,0,0,0,0,14,-18,0,0,0,0,18,0,0,0,13,0,0,0,-3,0,0,-50,-56,-56,-41,-77,-53,-97,-89,-86,-83,-160,-151,-175,-182,-181,-183,-212,-216,-376,-361,-287,-265,-749,-768]} 1. e4 e5 2. Nf3 Nc6 3. Bb5 Nf6 4. O-O Nxe4 5. Re1 Nd6 6. Nxe5 Be7 7. Bf1 Nxe5 8. Rxe5 O-O 9. d4 Bf6 10. Re1 Re8 {C67: Spanische Partie (Berliner Verteidigung)} 11. Rxe8+ (11. c3 Rxe1 12. Qxe1 Ne8 13. d5 c6 14. Nd2 cxd5 15. Nf3 d6 16. Be3 Nc7 17. Qd2 Bd7 18. g3 {1/2-1/2 (32) Giri,A (2780)-Caruana,F (2827) Batumi 2018}) 11... Nxe8 12. d5 d6 13. Nd2 {[%cal Bb1d2,Bd2f3,Bf3d4,Bd4b3][%mdl 32] LiveBook: 9 Partien} Bd7 14. c3 a5 $146 ({Vorgänger:} 14... c6 15. Nf3 Nc7 16. dxc6 Bxc6 17. Bf4 Ne6 {1/2-1/2 (17) Bakre,T (2491)-Roktim,B (2345) Visakhapatnam 2004}) 15. a4 Bg5 16. Qb3 Rb8 17. Nf3 Bxc1 18. Rxc1 Nf6 19. Bc4 g6 20. Re1 Kg7 21. h3 c6 22. Nd4 cxd5 23. Bb5 Bxb5 (23... Bc6 {looks sharper.} 24. Re3 Rc8 25. Qd1 Qd7 26. Qd2 Rd8) 24. Qxb5 Qc7 25. Re3 Rd8 26. Nb3 Ra8 27. Nd4 Rd8 28. g4 h6 29. f4 Qd7 30. Qxa5 Re8 31. Nc2 {[#]} d4 $1 $36 {[%mdl 2560] Schwarz drückt.} 32. cxd4 (32. Nxd4 Rxe3) 32... Rc8 33. Re2 Qc6 {...Df3 ist eine echte Drohung.} 34. d5 Qc4 35. Qd2 Qxa4 36. Kh2 (36. Ne3 $142) 36... Rc4 $17 37. g5 hxg5 38. fxg5 Nd7 39. Ne3 {[#]} Ne5 $1 {[%cal Re5f3]} 40. Rf2 $2 (40. Qd1 Qxd1 41. Nxd1) 40... Rd4 $19 41. Qc2 Qb4 {Weiss muss nun ...Td3 beachten.} 42. Kg2 $2 (42. Ng2) 42... Rd3 {Precision: Weiß = 29%, Schwarz = 73%.} 0-1

[Event "Saint Louis Fall-A"]
[Site "Saint Louis USA"]
[Date "2018.10.18"]
[Round "9"]
[White "Kuzubov, Yuriy"]
[Black "Hansen, Eric"]
[Result "1-0"]
[WhiteElo "2655"]
[BlackElo "2629"]
[PlyCount "81"]
[GameId "2129404764221557"]
[EventDate "2018.10.10"]
[EventType "tourn"]
[EventRounds "9"]
[EventCountry "USA"]
[EventCategory "17"]

{[%evp 16,81,-20,-60,-48,-46,-35,-35,-28,-23,0,0,0,0,20,0,0,0,41,33,38,31,34,45,46,-35,-22,-21,-25,-62,-63,-83,-39,-51,0,0,0,0,48,45,50,0,7,-39,0,0,0,0,0,-78,-83,-72,-90,-140,-14,-12,-11,-41,164,180,169,147,239,0,427,248,475,474]} 1. Nf3 d5 2. g3 g6 3. c4 dxc4 4. Qa4+ Nc6 5. Qxc4 Bg7 6. Bg2 {[%emt 0:00:02] A09: Réti Opening: 1 Nf3 d5 c4} e5 7. d3 (7. O-O Nge7 8. Nc3 O-O 9. d3 Nd4 10. Nxd4 exd4 11. Ne4 Be6 12. Qc2 Bd5 13. Bg5 f6 14. Bf4 c6 15. Qc5 b6 16. Qd6 g5 17. Bd2 {1/2-1/2 (52) Artemiev,V (2691)-Wang,H (2709) Huaian 2017}) 7... Nge7 {[%cal Bg8e7,Be7f5,Bf5d6][%mdl 32]} 8. O-O O-O 9. Nbd2 {LiveBook: 3 Games} a5 $146 {[%cal Ba7a5,Ba5a4][%mdl 32]} ({Predecessor:} 9... Nd4 10. Nxd4 exd4 11. Ne4 Be6 {1-0 (81) Burmakin,V (2490)-Frolyanov,D (2540) Samara 2018}) 10. Ne4 h6 11. Bd2 Nf5 12. Rfe1 Kh7 13. Rac1 a4 14. Nc5 Qe8 15. e3 Nd6 16. Qc2 f5 17. Bc3 ({Weaker is} 17. Nxa4 e4 $17) 17... a3 18. bxa3 Rxa3 19. Nd2 Ra7 20. Qb2 (20. f4 $14) 20... b6 $15 21. Ncb3 Bb7 22. d4 e4 23. Bf1 Ne7 24. Bb4 Nd5 ({Black should try} 24... Qd7 $15) 25. Bxd6 $1 $11 cxd6 26. Nc4 Qd8 27. Nbd2 h5 28. Rb1 {[%cal Rc4b6]} h4 $1 29. Nxb6 hxg3 30. hxg3 f4 $1 {[%cal Rf4g3]} 31. exf4 Nxf4 32. Nxe4 (32. gxf4 $11 {keeps the balance.} Rxf4 33. Bg2 (33. Ndc4 Qg5+ 34. Kh2 Rh4+ 35. Bh3 Qf4+ 36. Kg1 Rxh3 $19)) 32... Ne6 $17 33. Rbd1 d5 $1 {[%cal Rd5e4]} 34. Bh3 dxe4 (34... Nf4 $1 $17 {[%cal Rf4h3]} 35. gxf4 dxe4) 35. Bxe6 $11 {Nd7 is the strong threat.} Rf6 $1 {[%cal Rf6e6]} 36. Qb3 {Hoping for d5.} Rf3 $2 {[#]} (36... Bh6 $1 $15 {stays ahead.} 37. Nc8 Bxc8 38. Rxe4 Bxe6 39. Rxe6 Raf7 40. Rxf6 Qxf6) 37. Re3 $1 $18 Rxe3 38. fxe3 Ra6 {[#]} (38... Bh6 $16 39. Kg2 Ba6) 39. Kg2 $2 (39. Na4 $1 $18) 39... Bh6 $2 {[%mdl 8192]} (39... Rxb6 $11 {and Black has nothing to worry.} 40. Rh1+ Bh6 41. Bg8+ Qxg8 42. Rxh6+ Kg7 43. Qxb6 Qxa2+ 44. Kg1 Qa1+ 45. Kh2 Qa2+ 46. Kg1 Qa1+ 47. Kf2 Qa2+ 48. Ke1 Qa1+ 49. Kf2 Qa2+ 50. Ke1 Qa1+ 51. Kd2 (51. Kf2 Qa2+ $11) 51... Qa2+ 52. Kd1 Qa1+ 53. Kd2 Qa2+ 54. Kd1 Qa4+ 55. Ke1 Qa1+) 40. Nc4 (40. Rb1 $142) 40... Qe7 $2 (40... Bd5 41. Bxd5 Qxd5) 41. d5 {Precision: White = 59%, Black = 43%.} 1-0

[Event "Olympiad"]
[Site "Batumi GEO"]
[Date "2018.09.24"]
[Round "1.1"]
[White "Kayastha, Madan Krishna"]
[Black "Hansen, Eric"]
[Result "0-1"]
[WhiteElo "2077"]
[BlackElo "2629"]
[PlyCount "82"]
[GameId "2130307615566865"]
[EventDate "2018.09.24"]
[EventType "team"]
[EventRounds "11"]
[EventCountry "GEO"]
[SourceTitle "10 Days #557"]
[Source "ChessMix"]
[SourceDate "2018.10.10"]
[SourceVersion "1"]
[SourceVersionDate "2018.10.10"]
[SourceQuality "1"]
[WhiteTeam "Nepal"]
[BlackTeam "Canada"]
[WhiteTeamCountry "NEP"]
[BlackTeamCountry "CAN"]

1. Nf3 d5 2. d4 Nf6 3. c4 e6 4. g3 Bb4+ 5. Bd2 Bd6 6. Bg2 c6 7. Nc3 Nbd7 8. e4 Nxe4 9. Nxe4 dxe4 10. Ng5 f5 11. c5 Bb8 12. Nxe6 Qe7 13. Nf4 Nf6 14. O-O O-O 15. h4 Rd8 16. Be3 Be6 17. Qd2 Nd5 18. Nxd5 Rxd5 19. Rfd1 Be5 20. Qa5 Bf6 21. Rd2 a6 22. Rad1 Rad8 23. Qc3 Bf7 24. f3 exf3 25. Bxf3 R5d7 26. Bf4 Bd5 27. Bd6 Qf7 28. a4 Re8 29. Re2 Rdd8 30. Rxe8+ Rxe8 31. Kf2 Bxf3 32. Qxf3 Qc4 33. Qd3 Qxa4 34. b3 Qa5 35. d5 Re4 36. dxc6 bxc6 37. b4 Qa4 38. Rb1 Qa2+ 39. Kf3 Kh8 40. Bf4 Bd4 41. Bd2 Qd5 0-1

[Event "Olympiad"]
[Site "Batumi GEO"]
[Date "2018.09.25"]
[Round "2.1"]
[White "Hansen, Eric"]
[Black "Iturrizaga Bonelli, Eduardo"]
[Result "1/2-1/2"]
[WhiteElo "2629"]
[BlackElo "2636"]
[PlyCount "45"]
[GameId "2130307615583572"]
[EventDate "2018.09.24"]
[EventType "team"]
[EventRounds "11"]
[EventCountry "GEO"]
[SourceTitle "10 Days #557"]
[Source "ChessMix"]
[SourceDate "2018.10.10"]
[SourceVersion "1"]
[SourceVersionDate "2018.10.10"]
[SourceQuality "1"]
[WhiteTeam "Canada"]
[BlackTeam "Venezuela"]
[WhiteTeamCountry "CAN"]
[BlackTeamCountry "VEN"]

1. e4 c5 2. Nf3 e6 3. d4 cxd4 4. Nxd4 a6 5. Bd3 Nf6 6. O-O Qc7 7. c4 d6 8. Nc3 Nbd7 9. f4 Be7 10. Kh1 b6 11. Qe2 O-O 12. Bd2 Bb7 13. Rae1 Rad8 14. b4 Rfe8 15. a3 Bf8 16. Nf3 g6 17. Qf2 Bg7 18. Qh4 Nh5 19. Ne2 Ndf6 20. Nc3 Nd7 21. Ne2 Ndf6 22. Nc3 Nd7 23. Ne2 1/2-1/2

[Event "Olympiad"]
[Site "Batumi GEO"]
[Date "2018.09.27"]
[Round "4.1"]
[White "Gallego Alcaraz, Andres Felipe"]
[Black "Hansen, Eric"]
[Result "1/2-1/2"]
[WhiteElo "2511"]
[BlackElo "2629"]
[PlyCount "91"]
[GameId "2130307615612916"]
[EventDate "2018.09.24"]
[EventType "team"]
[EventRounds "11"]
[EventCountry "GEO"]
[SourceTitle "10 Days #557"]
[Source "ChessMix"]
[SourceDate "2018.10.10"]
[SourceVersion "1"]
[SourceVersionDate "2018.10.10"]
[SourceQuality "1"]
[WhiteTeam "Colombia"]
[BlackTeam "Canada"]
[WhiteTeamCountry "COL"]
[BlackTeamCountry "CAN"]

1. d4 Nf6 2. c4 e6 3. Nf3 b6 4. g3 c6 5. Bg2 d5 6. O-O Be7 7. b3 O-O 8. Bb2 Nbd7 9. Nbd2 Bb7 10. Ne5 Nxe5 11. dxe5 Nd7 12. e3 b5 13. cxd5 cxd5 14. Nf3 b4 15. Nd4 Qb6 16. f4 Ba6 17. Rf2 Nc5 18. Rd2 Rac8 19. a3 Ne4 20. Bxe4 dxe4 21. axb4 Bxb4 22. Rc2 Bd3 23. Rxc8 Rxc8 24. Rc1 Rd8 25. Rc6 Qb7 26. Qc1 h6 27. Bc3 Be7 28. Ba5 Rd7 29. Qc3 Kh7 30. Kg2 Bb5 31. Rc7 Qd5 32. Rxd7 Bxd7 33. Bb4 Bd8 34. Bc5 a6 35. Qc4 Qb7 36. Qc3 Qd5 37. Qc4 Qb7 38. Kf2 Bc7 39. Bd6 Bb6 40. Bc5 Bc7 41. h4 Bd8 42. h5 a5 43. f5 Qc8 44. fxe6 fxe6 45. Ne2 Kg8 46. Nc3 1/2-1/2

[Event "Olympiad"]
[Site "Batumi GEO"]
[Date "2018.09.28"]
[Round "5.1"]
[White "Djukic, Nikola"]
[Black "Hansen, Eric"]
[Result "1-0"]
[WhiteElo "2567"]
[BlackElo "2629"]
[PlyCount "83"]
[GameId "2130307615625525"]
[EventDate "2018.09.24"]
[EventType "team"]
[EventRounds "11"]
[EventCountry "GEO"]
[SourceTitle "10 Days #557"]
[Source "ChessMix"]
[SourceDate "2018.10.10"]
[SourceVersion "1"]
[SourceVersionDate "2018.10.10"]
[SourceQuality "1"]
[WhiteTeam "Montenegro"]
[BlackTeam "Canada"]
[WhiteTeamCountry "MNE"]
[BlackTeamCountry "CAN"]

1. e4 e5 2. Nf3 Nc6 3. Bb5 a6 4. Ba4 Nf6 5. O-O Be7 6. Re1 b5 7. Bb3 d6 8. c3 O-O 9. h3 Nb8 10. d4 Nbd7 11. Nbd2 Bb7 12. Bc2 Re8 13. a4 Bf8 14. Bd3 c6 15. b3 Qc7 16. Bb2 g6 17. Qc2 Bg7 18. Bf1 Rac8 19. Rad1 Qb8 20. Qb1 Re6 21. axb5 axb5 22. c4 bxc4 23. Bxc4 Re7 24. dxe5 dxe5 25. Ba3 c5 26. b4 Qa8 27. Qb3 h6 28. Nh4 Nf8 29. bxc5 Bc6 30. Ra1 Rd8 31. Bb2 Qc8 32. Qe3 Ne6 33. Nhf3 Nd7 34. Nb3 Nf4 35. Red1 Rde8 36. Na5 Ba8 37. Ba3 Nf6 38. c6 N6h5 39. Bxe7 Nxg2 40. Kxg2 Nf4+ 41. Kg1 Rxe7 42. Bf1 1-0

[Event "Olympiad"]
[Site "Batumi GEO"]
[Date "2018.09.30"]
[Round "6.1"]
[White "Hansen, Eric"]
[Black "Jobava, Baadur"]
[Result "0-1"]
[WhiteElo "2629"]
[BlackElo "2634"]
[PlyCount "98"]
[GameId "2130307615642246"]
[EventDate "2018.09.24"]
[EventType "team"]
[EventRounds "11"]
[EventCountry "GEO"]
[SourceTitle "10 Days #557"]
[Source "ChessMix"]
[SourceDate "2018.10.10"]
[SourceVersion "1"]
[SourceVersionDate "2018.10.10"]
[SourceQuality "1"]
[WhiteTeam "Canada"]
[BlackTeam "Georgia 1"]
[WhiteTeamCountry "CAN"]

1. e4 c5 2. Nf3 e6 3. d4 cxd4 4. Nxd4 a6 5. Bd3 Bc5 6. Nb3 Ba7 7. O-O Nc6 8. Qg4 Qf6 9. Nc3 Nge7 10. Kh1 O-O 11. f4 d5 12. a3 dxe4 13. Nxe4 Qh6 14. Nd6 Nf5 15. Nxc8 Raxc8 16. Bd2 Ncd4 17. Nxd4 Nxd4 18. Bc3 Rfd8 19. Rae1 Bb8 20. g3 f5 21. Qg5 Qxg5 22. fxg5 Kf7 23. Re4 Ba7 24. Rff4 Nb5 25. Bc4 Rd1+ 26. Kg2 Nxc3 27. bxc3 Rd2+ 28. Kf1 Rxc4 29. Rxc4 Kg6 30. Rf3 Rxh2 31. Rc7 e5 32. Rd3 f4 33. gxf4 exf4 34. Rxb7 Be3 35. Ke1 Kxg5 36. Rxg7+ Kf5 37. Re7 h5 38. Kd1 h4 39. c4 h3 40. Rdxe3 fxe3 41. Rxe3 Kg4 42. Re4+ Kf3 43. Rh4 Kg3 44. Rh8 Rg2 45. c5 h2 46. c6 Rg1+ 47. Ke2 h1=Q 48. Rxh1 Rxh1 49. Ke3 Rh4 0-1

[Event "Olympiad"]
[Site "Batumi GEO"]
[Date "2018.10.01"]
[Round "7.1"]
[White "Le Quang, Liem"]
[Black "Hansen, Eric"]
[Result "1-0"]
[WhiteElo "2715"]
[BlackElo "2629"]
[PlyCount "67"]
[GameId "2130307615654871"]
[EventDate "2018.09.24"]
[EventType "team"]
[EventRounds "11"]
[EventCountry "GEO"]
[SourceTitle "10 Days #557"]
[Source "ChessMix"]
[SourceDate "2018.10.10"]
[SourceVersion "1"]
[SourceVersionDate "2018.10.10"]
[SourceQuality "1"]
[WhiteTeam "Vietnam"]
[BlackTeam "Canada"]
[WhiteTeamCountry "VIE"]
[BlackTeamCountry "CAN"]

1. e4 e5 2. Nf3 Nc6 3. Bc4 Bc5 4. c3 Nf6 5. d4 exd4 6. e5 d5 7. Bb5 Ne4 8. cxd4 Bb6 9. Nc3 O-O 10. Be3 Bg4 11. h3 Bh5 12. Qc2 Bg6 13. Qb3 Ne7 14. O-O c6 15. Bd3 Nxc3 16. Qxc3 Bxd3 17. Qxd3 Qd7 18. Nh4 f6 19. Rae1 fxe5 20. dxe5 Qe6 21. g4 c5 22. Bg5 c4 23. Qg3 Nc6 24. Kh2 Ba5 25. f4 Bxe1 26. Rxe1 d4 27. f5 Qd5 28. e6 Rac8 29. Qf4 c3 30. f6 gxf6 31. Nf5 Kh8 32. Bh4 Qd8 33. e7 Nxe7 34. Rxe7 1-0

[Event "Olympiad"]
[Site "Batumi GEO"]
[Date "2018.10.03"]
[Round "9.1"]
[White "Hansen, Eric"]
[Black "Lim, Zhuo Ren"]
[Result "1-0"]
[WhiteElo "2629"]
[BlackElo "2182"]
[PlyCount "87"]
[GameId "2130307615684187"]
[EventDate "2018.09.24"]
[EventType "team"]
[EventRounds "11"]
[EventCountry "GEO"]
[SourceTitle "10 Days #557"]
[Source "ChessMix"]
[SourceDate "2018.10.10"]
[SourceVersion "1"]
[SourceVersionDate "2018.10.10"]
[SourceQuality "1"]
[WhiteTeam "Canada"]
[BlackTeam "Malaysia"]
[WhiteTeamCountry "CAN"]
[BlackTeamCountry "MAS"]

1. e4 c5 2. Nf3 d6 3. d4 cxd4 4. Nxd4 Nf6 5. Nc3 a6 6. Be3 e5 7. Nb3 Be6 8. h3 Nbd7 9. g4 h6 10. Bg2 Be7 11. Nd5 Bxd5 12. exd5 Rc8 13. a4 Qc7 14. c3 Nb6 15. a5 Nc4 16. Bc1 Nd7 17. h4 Qd8 18. Ra4 Bxh4 19. Qe2 b5 20. axb6 Ndxb6 21. Rxa6 O-O 22. Nd2 e4 23. Nxe4 Nxd5 24. O-O Nf6 25. b3 Nxe4 26. Qxe4 Re8 27. Qd4 Bf6 28. Qd1 Ne5 29. c4 Be7 30. Bb2 Bf8 31. Bd5 Rc7 32. f4 Nd7 33. Bxf7+ Kh8 34. Bxe8 Qxe8 35. Re1 Qc8 36. Ra5 Nc5 37. Re3 d5 38. Be5 Rd7 39. Qf3 Nb7 40. Rxd5 Bc5 41. Rxc5 Qxc5 42. Kg2 Rd2+ 43. Re2 Rd7 44. g5 1-0

[Event "Olympiad"]
[Site "Batumi GEO"]
[Date "2018.10.04"]
[Round "10.1"]
[White "Yarmonov, Igor"]
[Black "Hansen, Eric"]
[Result "0-1"]
[WhiteElo "2376"]
[BlackElo "2629"]
[PlyCount "116"]
[GameId "2130307615700929"]
[EventDate "2018.09.24"]
[EventType "team"]
[EventRounds "11"]
[EventCountry "GEO"]
[SourceTitle "10 Days #557"]
[Source "ChessMix"]
[SourceDate "2018.10.10"]
[SourceVersion "1"]
[SourceVersionDate "2018.10.10"]
[SourceQuality "1"]
[WhiteTeam "IPCA"]
[BlackTeam "Canada"]
[BlackTeamCountry "CAN"]

1. d4 Nf6 2. c4 g6 3. Nc3 d5 4. cxd5 Nxd5 5. e4 Nxc3 6. bxc3 Bg7 7. Be3 c5 8. Qd2 Qa5 9. Rc1 O-O 10. Nf3 Rd8 11. d5 e6 12. c4 Qxd2+ 13. Nxd2 Na6 14. Be2 b6 15. O-O Nb4 16. a3 Na2 17. Rc2 Nc3 18. Bd3 Ba6 19. Bg5 exd5 20. Bxd8 Rxd8 21. exd5 Nxd5 22. Be4 Nc3 23. Bf3 Kf8 24. Re1 Bc8 25. Ne4 Nxe4 26. Bxe4 Be6 27. Bf3 Rd3 28. Re3 Rd6 29. h3 h5 30. Re1 Bd4 31. g4 hxg4 32. hxg4 Kg7 33. Kg2 Kf6 34. Re4 Rd8 35. Be2 g5 36. f3 Be5 37. Re3 Rh8 38. Rd3 Rh2+ 39. Kg1 Bf4 40. Bd1 Rh8 41. Be2 Rh2 42. Bd1 Rxc2 43. Bxc2 Ke5 44. Kf2 Bxc4 45. Rd7 a6 46. Bd3 Be6 47. Ra7 Kd4 48. Bxa6 c4 49. Ke2 Bd6 50. Rb7 Bc5 51. a4 Kc3 52. Bb5 Kb4 53. Rd7 c3 54. Rd1 c2 55. Rc1 Kc3 56. a5 bxa5 57. Ba4 Bc4+ 58. Ke1 Bd3 0-1

[Event "Olympiad"]
[Site "Batumi GEO"]
[Date "2018.10.05"]
[Round "11.1"]
[White "Hansen, Eric"]
[Black "Karttunen, Mika"]
[Result "1-0"]
[WhiteElo "2629"]
[BlackElo "2472"]
[PlyCount "113"]
[GameId "2130307615713488"]
[EventDate "2018.09.24"]
[EventType "team"]
[EventRounds "11"]
[EventCountry "GEO"]
[SourceTitle "10 Days #557"]
[Source "ChessMix"]
[SourceDate "2018.10.10"]
[SourceVersion "1"]
[SourceVersionDate "2018.10.10"]
[SourceQuality "1"]
[WhiteTeam "Canada"]
[BlackTeam "Finland"]
[WhiteTeamCountry "CAN"]
[BlackTeamCountry "FIN"]

1. e4 c5 2. Nf3 Nc6 3. Bb5 e6 4. O-O Nge7 5. Re1 Ng6 6. c3 a6 7. Bf1 Be7 8. d4 d6 9. g3 e5 10. d5 Nb8 11. a4 O-O 12. a5 b5 13. axb6 Nd7 14. b7 Bxb7 15. Nbd2 Qc7 16. Nc4 Nb6 17. Ne3 a5 18. b3 Bc8 19. h4 Re8 20. Nd2 Nf8 21. Ndc4 Nxc4 22. Nxc4 Bd7 23. Bd2 Reb8 24. Ra3 Bd8 25. Qc2 Bb5 26. Ne3 Be8 27. Rea1 Rb7 28. Nc4 Qb8 29. f4 exf4 30. Bxf4 Bc7 31. h5 Qd8 32. Qd2 Rab8 33. Nxa5 Bxa5 34. Rxa5 Rxb3 35. e5 Rb2 36. Qe3 dxe5 37. Qxe5 Nd7 38. Qe3 Rc8 39. h6 Nf6 40. c4 Bd7 41. Rxc5 Ra8 42. Re1 Qf8 43. Qd4 Raa2 44. Ra5 Bf5 45. Rxa2 Rxa2 46. c5 Be4 47. Rxe4 Nxe4 48. Qxe4 Qxc5+ 49. Be3 Qc8 50. Qe5 f6 51. Qe7 Qf8 52. d6 Ra1 53. Kf2 Ra2+ 54. Kg1 Ra1 55. Qe6+ Qf7 56. Qc8+ Qf8 57. d7 1-0

[Event "PRO League Group Stage"]
[Site "chess.com INT"]
[Date "2018.01.31"]
[Round "3"]
[White "Lenderman, Alex"]
[Black "Hansen, Eric"]
[Result "1-0"]
[WhiteElo "2565"]
[BlackElo "2629"]
[PlyCount "91"]
[GameId "2129404767707827"]
[EventDate "2018.01.18"]
[EventType "team"]
[EventRounds "9"]
[EventCountry "USA"]
[TimeControl "900+2"]

1. d4 {[%emt 0:00:01]} Nf6 {[%emt 0:00:02]} 2. c4 {[%emt 0:00:02]} e6 {[%emt 0:00:00]} 3. g3 {[%emt 0:00:03]} d5 {[%emt 0:00:16]} 4. Bg2 {[%emt 0:00:02]} Bb4+ {[%emt 0:00:00]} 5. Nd2 {[%emt 0:00:04]} O-O {[%emt 0:00:06]} 6. Ngf3 {[%emt 0:00:17]} a5 {[%emt 0:00:08]} 7. O-O {[%emt 0:00:09]} a4 {[%emt 0:00:01]} 8. Qc2 {[%emt 0:00:16]} Nc6 {[%emt 0:00:52]} 9. Rd1 {[%emt 0:00:13]} Be7 {[%emt 0:01:59]} 10. a3 {[%emt 0:00:15]} Bd7 {[%emt 0:01:32]} 11. e4 {[%emt 0:00:04]} Na5 {[%emt 0:00:53]} 12. e5 {[%emt 0:01:17]} Ne8 {[%emt 0:00:03]} 13. cxd5 {[%emt 0:00:15]} exd5 {[%emt 0:00:02]} 14. Nf1 {[%emt 0:00:10]} Nb3 {[%emt 0:00:23]} 15. Rb1 {[%emt 0:00:01]} Nxc1 {[%emt 0:00:14]} 16. Rbxc1 {[%emt 0:00:00]} c6 {[%emt 0:00:00]} 17. Ne3 {[%emt 0:00:03]} Nc7 {[%emt 0:00:06]} 18. Nf5 {[%emt 0:00:15]} Bxf5 {[%emt 0:00:39]} 19. Qxf5 {[%emt 0:00:03]} f6 {[%emt 0:00:15]} 20. Qc2 {[%emt 0:00:41]} Ra6 {[%emt 0:00:18]} 21. Bf1 {[%emt 0:00:17]} Rb6 {[%emt 0:02:08]} 22. Bd3 {[%emt 0:00:05]} f5 {[%emt 0:00:07]} 23. Bxf5 {[%emt 0:00:41]} g6 {[%emt 0:00:01]} 24. Bg4 {[%emt 0:00:08]} Kg7 {[%emt 0:00:07]} 25. Ne1 {[%emt 0:00:27]} Rb3 {[%emt 0:00:09]} 26. Rd3 {[%emt 0:01:21]} Nb5 {[%emt 0:00:02]} 27. Rcd1 {[%emt 0:00:25]} Rxd3 {[%emt 0:00:55]} 28. Rxd3 {[%emt 0:00:05]} Qa5 {[%emt 0:00:07]} 29. Ng2 {[%emt 0:00:23]} Qa7 {[%emt 0:00:47]} 30. Qd2 {[%emt 0:00:17]} Kg8 {[%emt 0:00:52]} 31. h4 {[%emt 0:00:53]} Kg7 {[%emt 0:00:47]} 32. Nf4 {[%emt 0:00:15]} Nc7 {[%emt 0:00:01]} 33. Bd1 {[%emt 0:00:35]} Qa6 {[%emt 0:00:26]} 34. Rf3 {[%emt 0:00:18]} Qa8 {[%emt 0:00:58]} 35. Kg2 {[%emt 0:00:11]} Rf7 {[%emt 0:00:09]} 36. Bc2 {[%emt 0:00:40]} Kg8 {[%emt 0:00:01]} 37. Qd3 {[%emt 0:00:57]} Rg7 {[%emt 0:00:30]} 38. h5 {[%emt 0:00:14]} g5 {[%emt 0:00:03]} 39. h6 {[%emt 0:00:01]} Rf7 {[%emt 0:00:01]} 40. Ne6 {[%emt 0:00:31]} Nxe6 {[%emt 0:00:14]} 41. Rxf7 {[%emt 0:00:02]} Kxf7 {[%emt 0:00:00]} 42. Qxh7+ {[%emt 0:00:01]} Ke8 {[%emt 0:00:01]} 43. Qg8+ {[%emt 0:00:12]} Nf8 {[%emt 0:00:03]} 44. h7 {[%emt 0:00:03]} Qa7 {[%emt 0:00:01]} 45. h8=Q {[%emt 0:00:06]} Qxd4 {[%emt 0:00:01]} 46. Bg6+ {[%emt 0:00:13]} 1-0